40 Smallest Countries In The World - Statistics

General Stats
  • This quiz has been taken 131 times
  • The average score is 30 of 40
Answer Stats
Place Country km2 % Correct
1 Vatican City 0.49
95%
2 Monaco 2.0
92%
6 Liechtenstein 160
86%
17 Andorra 468
84%
10 Malta 315
84%
8 Saint Kitts and Nevis 261
84%
18 Saint Lucia 616
84%
5 San Marino 61
84%
28 Luxembourg 2.586
83%
3 Nauru 21
83%
12 Saint Vincent and the Grenadines 389
82%
31 Trinidad and Tobago 5.127
82%
4 Tuvalu 26
82%
7 Marshall Islands 181
79%
29 Samoa 2.842
79%
21 Tonga 747
79%
11 Grenada 345
78%
9 Maldives 300
78%
14 Antigua and Barbuda 442
77%
16 Palau 459
77%
13 Barbados 431
76%
22 Dominica 750
75%
24 Kiribati 811
75%
19 Micronesia 702
75%
15 Seychelles 457
75%
20 Singapore 733
75%
26 Comoros 1.862
74%
40 Vanuatu 12.189
74%
34 Cyprus 9.251
73%
30 Cape Verde 4.033
72%
25 São Tomé and Príncipe 964
72%
23 Bahrain 778
71%
27 Mauritius 2.040
71%
32 Brunei 5.765
70%
39 Qatar 11.637
69%
37 Jamaica 10.991
61%
36 Kosovo 10.887
55%
38 The Gambia 11.295
49%
35 Lebanon 10.452
46%
33 Palestine 6.220
25%
No matching quizzes found
Score Distribution
Percent of People with Each Score
Percentile by Number Answered
Your Score History
You have not taken this quiz